Szczegóły MARC21

Dziecko z regionu kujawsko-pomorskiego : rozwój fizyczny i motoryczny dzieci z klas początkowych /

003 -Nazwa inst., której nr kontr. jest w polu 001 [,]
    • @
    • Nazwa instytucji, której n kontrolny jest w polu 001
    • NUKAT
005 -DATA I CZAS OSTATNIEJ MODYFIKACJI [,]
    • @
    • pole kontrolne
    • 20250627145119.0
020 -Międzynarod. znormalizowany nr książki - ISBN [ , ]
    • a
    • Numer ISBN
    • 8370963323 Find
040 -Instytucja sporządzająca opis [ , ]
    • a
    • Instytucja, która sporządziła opis (NP)
    • KR 122/DP
    • c
    • Instytucja, która sporządziła rekord (NP)
    • KR 122/DP
    • d
    • Instytucja, która zmodyfikowała rekord (P)
    • KR 122/MN
    • d
    • Instytucja, która zmodyfikowała rekord (P)
    • Ł U/TKs
041 -Język dokumentu [0, ]
    • a
    • Język tekstu (P)
    • polski
    • b
    • Język streszczeń lub abstraktu (P)
    • angielski
    • b
    • Język streszczeń lub abstraktu (P)
    • niemiecki
942 -Rodzaj dokumentu [ , ]
    • c
    • Rodzaj dokumentu
    • Książka
100 -Hasło główne - nazwa osobowa [1, ]
    • a
    • Nazwa osobowa (NP)
    • Napierała, Marek Paweł
    • d
    • Daty biograficzne (NP)
    • (19..-2021).
    • 9
    • KHW
    • 21776
245 -Strefa tytułu i oznaczenia odpowiedzialności [1,0]
    • a
    • Tytuł
    • Dziecko z regionu kujawsko-pomorskiego : Find
    • b
    • Ciąg dalszy tytułu (NP)
    • rozwój fizyczny i motoryczny dzieci z klas początkowych / Find
    • c
    • Pozostałe elementy strefy tytułu i oznaczenia odpowiedzialności (NP)
    • Marek P. Napierała.
260 -Strefa adresu wydawniczego [ , ]
    • a
    • Miejsce wydania (P)
    • Bydgoszcz :
    • b
    • Nazwa wydawcy (P)
    • Wydaw. Uczelniane Akademii Bydgoskiej im. Kazimierza Wielkiego,
    • c
    • Data wydania (P)
    • 2000.
300 -Strefa opisu fizycznego [ , ]
    • a
    • Określenie formy książki i/lub objętość (NP)
    • 149 s. :
    • b
    • Oznaczenie ilustracji (NP)
    • il. ;
    • c
    • Format (NP)
    • 24 cm.
336 -Typ zawartości [ , ]
    • a
    • Termin opisujący typ zawartości
    • Tekst
    • b
    • Kod określający zawartość
    • txt
    • 2
    • Źródło (terminu i kodu)
    • rdacontent
337 -Typ mediów [ , ]
    • a
    • Tryb odtwarzania
    • Bez urządzenia pośredniczącego
    • b
    • Kod typu mediów
    • n
    • 2
    • Źródło (terminu i kodu)
    • rdamedia
338 -Typ/rodzaj nośnika [ , ]
    • a
    • Hasło opisujące typ nośnika
    • Wolumin
    • b
    • Kod typu nośnika
    • nc
    • 2
    • Źródło (terminu i kodu)
    • rdacarrier
504 -Uwaga dot. bibliogr. załącznikowej [ , ]
    • a
    • Uwaga dot. bibliografii załącznikowej
    • Bibliogr. s. 129-138.
546 -Uwaga dot. języka [ , ]
    • a
    • Uwaga dot. języka
    • Streszcz. ang., niem.
080 -Uniwersalna Klasyfikacja Dziesiętna [ , ]
    • a
    • Symbol klasyfikacji
    • 612.6-053.5(438)
650 -Hasło przedmiotowe [ ,7]
    • a
    • Hasło przedmiotowe
    • Dzieci
    • x
    • Określnik rzeczowy
    • rozwój
    • x
    • Określnik rzeczowy
    • badania
    • z
    • Określnik geograficzny
    • Polska
    • z
    • Określnik geograficzny
    • Kujawsko-Pomorskie, Województwo (1999- ).
    • 2
    • Źródło terminu
    • kaba
    • 9
    • KHW
    • 369659
650 -Hasło przedmiotowe [ ,7]
    • a
    • Hasło przedmiotowe
    • Motoryka u dzieci
    • z
    • Określnik geograficzny
    • Polska
    • z
    • Określnik geograficzny
    • Kujawsko-Pomorskie, Województwo (1999- ).
    • 2
    • Źródło terminu
    • kaba
    • 9
    • KHW
    • 714686
980 -Symbol UKD [ , ]
    • a
    • UKD
    • 612.6-053.5(438)
710 -Hasło dodatkowe - nazwa ciała zbiorowego [2, ]
    • a
    • Nazwa ciała zbiorowego lub nazwa geograficzna jako pierwszy element (NP)
    • Akademia Bydgoska im. Kazimierza Wielkiego.
    • b
    • Nazwa jednostki podrzędnej (P)
    • Wydawnictwo.
    • 4
    • Kod relacji
    • pbl
    • 9
    • KHW
    • 509377
920 -ISBN [ , ]
    • a
    • ISBN
    • 83-7096-332-3 Find
Numer inwentarzowy Status udost. Lokalizacja Data inwentaryzacji
Pd.143691BG2001-11-08